Describing chemical engineering systems /

Guardado en:
Autor Principal: Ranz, William E.
Formato: Libro
Idioma:English
Publicado: New York : McGraw-Hill, c1970.
Materias:
Etiquetas: Agregar Etiqueta
Sin Etiquetas, Sea el primero en etiquetar este registro!
LEADER 00641cam a22001815a 4500
001 EIQ.libpla002157
008 700309s1970####nyua##########000#0#eng#d
005 20071218190724.0
245 1 0 |a Describing chemical engineering systems /  |c [by] William E. Ranz. 
260 |a New York :  |b McGraw-Hill,  |c c1970. 
300 |a xx, 248 p. :  |b il. ;  |c 28 cm. 
100 1 |a Ranz, William E.  |q (William Edwin) 
082 0 0 |a 660/.076 
650 4 |a Ingeniería química  |x Problemas, ejercicios, etc. 
650 4 |a Chemical engineering  |x Problems, exercises, etc. 
010 |a  70095823  
040 |a DLC  |c DLC  |d AR-BbSID 
859 |a AR-BbSID  |b BIB. PLAPIQUI  |h 660.29  |i R 178  |p 1065